Naukovyj visnyk Užgorodsʹkogo nacionalʹnogo universytetu Serija: Mižnarodni vidnosini

Na minha lista:
Detalhes bibliográficos
Formato: Periódico
Idioma:inglês
ucraniano
Publicado em: Uzhhorod Uzhhorod National University
Tags: Adicionar Tag
Sem tags, seja o primeiro a adicionar uma tag!

MARC

LEADER 00000nas1a2200000 4500
001 0257964
005 20230412103912.6
022 |a 2413-9971 
041 0 |a eng 
041 0 |a ukr 
044 |a UA 
245 1 0 |a Naukovyj visnyk Užgorodsʹkogo nacionalʹnogo universytetu  |b Serija: Mižnarodni vidnosini 
264 1 |a Uzhhorod  |b Uzhhorod National University